000 00718nam a2200205Ia 4500
005 20260121110255.0
008 008 260114s9999 xx 000 0 hin d
020 _a9788132352297
037 _aEBOOK
040 _aCRL
_bhin
_cCRL
041 _ahin
_2hin
084 _qCRL
100 _aसुमन चौधरी / Suman Chaudhary
_9944168
245 0 _aयौन उत्पीड़न और मानवाधिकार का प्रश्न / Yauvan Utpeedan aur Manavadhikar ka Prashna
260 _bभाषा प्रकाशन / Bhasha Prakashan
_c2020
856 _uhttps://bhashaprakashan.com/product-details/378569
942 _cEBOOK
999 _c1535832
_d1535832